000 01021nam a22003257a 4500
001 000037964
003 CHAP
005 20220329135448.0
008 971013s1984 r 00010 d
010 _a36908
011 _a37880
035 _a42000
040 _cCHAP
082 0 4 _a551.5
_bO71 1984
100 0 0 _aOrtiz Solorio, Carlos Alberto.
_984067
245 1 0 _aElementos de agrometeorología cuantitativa en aplicaciones en la República Mexicana.
250 _a2 ed.
260 _aChapingo, Méx. :
_bUACH. Departamento de Suelos,
_c1984.
300 _a235 p.
590 _aBATCH-UPD
_b10
_c20130110
_lUCH01
_h1732
590 _aBATCH-UPD
_b10
_c20130410
_lUCH01
_h1113
590 _aBATCH-UPD
_b10
_c20130914
_lUCH01
_h1815
590 _aCONVERSION
_b10
_c20130109
_lUCH01
_h1321
590 _aE5995AHE
_b05
_c20150223
_lUCH01
_h1118
650 1 4 _aMeteorología agrícola.
_975217
901 _aBK
942 _cLIBRO
942 _n0
949 _a551.5 O71 1984
_bBC
_cUACH
_d33724000833042
_eUACH
_h71511
_i42000
_sb
999 _c36908
_d36908